|
|
|
|
| LEADER |
01354nam a22003017a 4500 |
| 001 |
34233 |
| 003 |
BD-DhAAL |
| 005 |
20190204111513.0 |
| 008 |
190204t2017 bg ar f0 0ben d |
| 999 |
|
|
|c 40425
|d 40425
|
| 020 |
|
|
|a 9789843450692
|
| 040 |
|
|
|a BD-DhAAL
|
| 041 |
|
|
|a BEN
|
| 082 |
0 |
0 |
|a 378.33095492
|2 23
|
| 110 |
1 |
|
|a বাংলাদেশ
|b বিশ্ববিদ্যালয় মঞ্জুরী কমিশন.
|9 3765
|
| 245 |
1 |
0 |
|a ৪৪ তম বার্ষিক প্রতিবেদন ২০১৭
|
| 246 |
1 |
|
|a Barshik protibedon
|
| 260 |
|
|
|a ঢাকা :
|b বাংলাদেশ বিশ্ববিদ্যালয় মঞ্জুরী কমিশন,
|c ২০১৭
|
| 300 |
|
|
|a xxxix, ৪৯৫ পৃষ্ঠা :
|b চিত্র ;
|c ২৪ সে.মি.
|
| 310 |
|
|
|a বার্ষিক
|
| 541 |
|
|
|e 34233
|a UGC
|
| 546 |
|
|
|a In Bengali.
|
| 610 |
1 |
0 |
|a Bangladesh
|b University Grants Commission
|v Periodicals
|9 3766
|
| 650 |
|
0 |
|a Education, Higher
|z Bangladesh
|v Periodicals.
|9 3767
|
| 650 |
|
0 |
|a Government aid to higher education
|z Bangladesh
|v Periodicals.
|9 3768
|
| 852 |
1 |
|
|a Ayesha Abed Library
|c Reference Section
|
| 942 |
|
|
|2 ddc
|c BK
|
| 952 |
|
|
|0 0
|1 0
|2 ddc
|4 0
|6 378_330954920000000_BAR
|7 1
|9 65033
|a BRACUL
|b BRACUL
|c REF
|d 2019-02-04
|e UGC
|l 0
|o 378.33095492 BAR
|p 3010034233
|r 2019-02-04
|t 1
|w 2019-02-04
|y BK
|